00820cam a22002531 4500001001300000003000400013005001700017008004100034010001700075035002000092040005000112042001200162043001200174050001500186082001200201100003200213245007300245260004800318300002700366490007100393651004400464650004100508999001700549sd 46000031 DLC20260227112735.0861217s1946 dcu f000 0 eng c asd 46000031  a(OCoLC)14985428 aU.S. Dept. of State. Libr.cTdTdOCoLCdDLC apremarc ae-gx---00aDD257b.F8 a943.0861 aFuller, Leon Webber,d1895-14aThe problem of German political revival;carticle by Leon W. Fuller. a[Washington,bU.S. Govt. Print Off.,c1946] a1 p. l., 22 p.c18 cm.0 aU. S. Dept. of State. Publication ;v2550 :aEuropean series ;v9 0aGermanyxPolitics and governmenty1945- 0aReconstruction (1939-1951)zGermany. c89965d89965